Loading...
Cameos from the plays of Shakespeare /
| Main Author: | |
|---|---|
| Format: | Printed Book |
| Language: | English |
| Published: |
New Delhi:
Deep&Deep ,
|
| Subjects: |
| LEADER | 00540 a2200157 4500 | ||
|---|---|---|---|
| 008 | 150103s9999 000 0 eng | ||
| 082 | |a 822.33D | ||
| 100 | |a Marzban, K. B. | ||
| 245 | |a Cameos from the plays of Shakespeare / | ||
| 260 | |a New Delhi: |b Deep&Deep , | ||
| 300 | |a 184 p. | ||
| 650 | |a Shakespeare, William. | ||
| 653 | |a Cameos-English Drama. | ||
| 942 | |c BK | ||
| 999 | |c 301540 |d 301540 | ||
| 952 | |0 0 |1 0 |2 ddc |4 0 |6 822_000000000000000_33D_MAR_CA |7 0 |9 344857 |a DRA |b DRA |c ST1 |d 2010-09-04 |i 5338 |l 0 |o 822.33D MAR/CA |p DRA5338 |r 2019-01-03 |w 2019-01-03 |y BK | ||